00000000nam##2200000za#4500
0019.531653
003CaOODSP
00520200327071811
007ta
008150406|1999||||xxc|||||     f|0| 0 fre|d
020 |a0-660-60826-X
040 |aCaOODSP|bfre
041 |aeng
041 |afre
043 |an-cn---
0861 |aBT31-2/2000-III-49
1101 |aCanada. |bConseil du trésor.
24510|aAnciens combattants Canada
260 |aOttawa - Ontario : |bSecrétariat du Conseil du Trésor du Canada |c1999.
300 |aTexte français, 68p. : |bgraphiques, organigramme, tableaux ; |c28 cm.
4901 |aBudget des dépenses 1999-2000, partie III: Rapport sur les plans et les priorités
546 |aBilingue
563 |aCouverture souple
590 |a99-13|b1999-04-01
69107|aPrévisions budgétaires|2gcpds
7760#|tVeterans Affairs Canada, 1999-2000 estimates, part III - report on plans and priorities, approved |w(CaOODSP)9.567759
7760#|tAnciens combattants Canada, budget des dépenses 1999-2000, partie III, rapport sur les plans et les priorités, approuvé |w(CaOODSP)9.599083
791 |tVeterans Affairs Canada |eeng|w(CaOODSP)9.531652
830#0|aBudget des dépenses 1999-2000, partie III: Rapport sur les plans et les priorités.|w(CaOODSP)9.508963